| 000 | 00649nam a22001697a 4500 | ||
|---|---|---|---|
| 005 | 20260623081455.0 | ||
| 020 | _a9781801170468 | ||
| 082 | _a303.34 | ||
| 100 | _aElkington, Rob. | ||
| 245 |
_aAfrican Leadership _bpowerful paradigms for the 21st century |
||
| 260 |
_aBangley _bEmerald Publishing Limited _c2023 |
||
| 300 | _a292p. | ||
| 504 | _aIncludes index | ||
| 520 | _aAfrican Leadership is an edited collection enriched by the people who have lived and experienced indigenous leadership first-hand, demonstrating how African leadership is distinctive from usual Western hegemonic paradigms. | ||
| 650 | _aAfrican Leadership | ||
| 942 | _cBK | ||
| 999 |
_c11505 _d11505 |
||